Detalles MARC
| 000 -LEADER |
| fixed length control field |
02689cam a2200553 i 4500 |
| 001 - CONTROL NUMBER |
| control field |
DIGRBN0242 |
| 003 - CONTROL NUMBER IDENTIFIER |
| control field |
NyNyDIG |
| 008 - FIXED-LENGTH DATA ELEMENTS--GENERAL INFORMATION |
| fixed length control field |
180804s2013 sp c o 000 j spa d |
| 006 - FIXED-LENGTH DATA ELEMENTS--ADDITIONAL MATERIAL CHARACTERISTICS |
| fixed length control field |
m o d |
| 007 - PHYSICAL DESCRIPTION FIXED FIELD--GENERAL INFORMATION |
| fixed length control field |
cr ||||||||||| |
| 035 ## - SYSTEM CONTROL NUMBER |
| System control number |
(OCoLC)1047938018 |
| 040 ## - CATALOGING SOURCE |
| Original cataloging agency |
DGITA |
| Language of cataloging |
eng |
| Description conventions |
rda |
| -- |
pn |
| Transcribing agency |
DGITA |
| 020 ## - INTERNATIONAL STANDARD BOOK NUMBER |
| International Standard Book Number |
9788499407029 |
| Qualifying information |
(eBook) |
| 020 ## - INTERNATIONAL STANDARD BOOK NUMBER |
| International Standard Book Number |
8499407021 |
| Qualifying information |
(eBook) |
| 020 ## - INTERNATIONAL STANDARD BOOK NUMBER |
| Canceled/invalid ISBN |
9788497429016 |
| 020 ## - INTERNATIONAL STANDARD BOOK NUMBER |
| Canceled/invalid ISBN |
849742901X |
| 041 1# - LANGUAGE CODE |
| Language code of text/sound track or separate title |
spa |
| Language code of original |
eng |
| 050 #4 - LIBRARY OF CONGRESS CALL NUMBER |
| Classification number |
PR5813.S7 ebook |
| 082 04 - DEWEY DECIMAL CLASSIFICATION NUMBER |
| Classification number |
823.8 |
| -- |
Fic |
| 100 1# - MAIN ENTRY--PERSONAL NAME |
| Personal name |
Wilde, Oscar, |
| Dates associated with a name |
1854-1900, |
| Relator term |
author. |
| 245 13 - TITLE STATEMENT |
| Title |
El fantasma de Canterville y otros cuentos / |
| Statement of responsibility, etc. |
Oscar Wilde ; edición, José Ramón Díaz Gijón ; ilustraciones, A. Imbert ; traducción, Editorial Biblioteca Nueva. |
| 250 ## - EDITION STATEMENT |
| Edition statement |
Edición en formato digital. |
| 264 #1 - PRODUCTION, PUBLICATION, DISTRIBUTION, MANUFACTURE, AND COPYRIGHT NOTICE |
| Place of production, publication, distribution, manufacture |
Madrid : |
| Name of producer, publisher, distributor, manufacturer |
Biblioteca Nueva, |
| Date of production, publication, distribution, manufacture, or copyright notice |
[2013] |
| 300 ## - PHYSICAL DESCRIPTION |
| Extent |
1 online resource : |
| Other physical details |
portrait. |
| 336 ## - CONTENT TYPE |
| Content type term |
text |
| Content type code |
txt |
| Source |
rdacontent |
| 337 ## - MEDIA TYPE |
| Media type term |
computer |
| Media type code |
c |
| Source |
rdamedia |
| 338 ## - CARRIER TYPE |
| Carrier type term |
online resource |
| Carrier type code |
cr |
| Source |
rdacarrier |
| 347 ## - DIGITAL FILE CHARACTERISTICS |
| File type |
text file |
| Source |
rdaft |
| 347 ## - DIGITAL FILE CHARACTERISTICS |
| Encoding format |
PDF |
| 490 1# - SERIES STATEMENT |
| Series statement |
Colección Biblioteca nueva de aventuras ; |
| Volume/sequential designation |
6 |
| 505 0# - FORMATTED CONTENTS NOTE |
| Formatted contents note |
El fantasma de Canterville -- El crimen de Lord Arthur Savile -- El príncipe feliz -- El pescador y su alma -- El amigo fiel -- El modelo millonario. |
| 588 0# - SOURCE OF DESCRIPTION NOTE |
| Source of description note |
Online resource; title from PDF title page (Digitalia, viewed November 13, 2022). |
| 655 #7 - INDEX TERM--GENRE/FORM |
| Genre/form data or focus term |
Short stories. |
| Source of term |
lcgft |
| 700 1# - ADDED ENTRY--PERSONAL NAME |
| Personal name |
Díaz Gijón, José R. |
| Fuller form of name |
(José Ramón), |
| Relator term |
editor. |
| 700 1# - ADDED ENTRY--PERSONAL NAME |
| Personal name |
Imbert, Ariette, |
| Relator term |
illustrator. |
| 700 12 - ADDED ENTRY--PERSONAL NAME |
| Relationship information |
Container of (expression): |
| Personal name |
Wilde, Oscar, |
| Dates associated with a name |
1854-1900. |
| Title of a work |
Canterville ghost. |
| Language of a work |
Spanish |
| Version |
(Díaz Gijón) |
| 700 12 - ADDED ENTRY--PERSONAL NAME |
| Relationship information |
Container of (expression): |
| Personal name |
Wilde, Oscar, |
| Dates associated with a name |
1854-1900. |
| Title of a work |
Lord Savile's crime. |
| Language of a work |
Spanish |
| Version |
(Díaz Gijón) |
| 700 12 - ADDED ENTRY--PERSONAL NAME |
| Relationship information |
Container of (expression): |
| Personal name |
Wilde, Oscar, |
| Dates associated with a name |
1854-1900. |
| Title of a work |
Happy prince. |
| Language of a work |
Spanish |
| Version |
(Díaz Gijón) |
| 700 12 - ADDED ENTRY--PERSONAL NAME |
| Relationship information |
Container of (expression): |
| Personal name |
Wilde, Oscar, |
| Dates associated with a name |
1854-1900. |
| Title of a work |
Fisherman and his soul. |
| Language of a work |
Spanish |
| Version |
(Díaz Gijón) |
| 700 12 - ADDED ENTRY--PERSONAL NAME |
| Relationship information |
Container of (expression): |
| Personal name |
Wilde, Oscar, |
| Dates associated with a name |
1854-1900. |
| Title of a work |
Devoted friend. |
| Language of a work |
Spanish |
| Version |
(Díaz Gijón) |
| 700 12 - ADDED ENTRY--PERSONAL NAME |
| Relationship information |
Container of (expression): |
| Personal name |
Wilde, Oscar, |
| Dates associated with a name |
1854-1900. |
| Title of a work |
Model millionaire |
| Language of a work |
Spanish |
| Version |
(Díaz Gijón) |
| 791 2# - |
| -- |
Digitalia (Firm), |
| -- |
distributor. |
| 793 0# - |
| -- |
Digitalia eBook Collection: |
| -- |
Biblioteca Nueva |
| 776 08 - ADDITIONAL PHYSICAL FORM ENTRY |
| Relationship information |
Print version: |
| Main entry heading |
Wilde, Oscar, 1854-1900. |
| Title |
Fantasma de Canterville y otros cuentos. |
| Place, publisher, and date of publication |
Madrid : Biblioteca Nueva, [2009] |
| International Standard Book Number |
9788497429016 |
| 830 #0 - SERIES ADDED ENTRY--UNIFORM TITLE |
| Uniform title |
Colección Biblioteca Nueva de aventuras ; |
| Volume/sequential designation |
6. |
| 856 40 - ELECTRONIC LOCATION AND ACCESS |
| Materials specified |
Digitalia Hispánica |
| Uniform Resource Identifier |
<a href="https://www.digitaliapublishing.com/a/45851/">https://www.digitaliapublishing.com/a/45851/</a> |
| 910 ## - USER-OPTION DATA (OCLC) |
| User-option data |
Premium Collection: 2022 |
| 942 ## - ADDED ENTRY ELEMENTS (KOHA) |
| Koha item type |
Recurso Electrónico |